International Covenant on the Right to Development : Implications for Developing Countries and the Global Balance of Power /
In this pioneer compilation of academic literature on the International Covenant on the Right to Development, including some of the leading experts on the subject, the authors delve at length into the central enquiry on how and to what extent the Covenant will, as a binding instrument of internation...
Other Authors:
Format: eBook
Language: English
Published:
Leiden ; Boston :
Brill,
2025.
Series:
Social Sciences E-Books Online, Collection 2026.
Studies in Critical Social Sciences ;
326.
Subjects:
Online Access: Login to view Source
Tags: Add Tag
Call Number: K3821
| LEADER | 02708nam a22005178i 4500 | ||
|---|---|---|---|
| 001 | BRILL9789004734357 | ||
| 003 | nllekb | ||
| 005 | 20250915080726.0 | ||
| 006 | m d | ||
| 007 | cr un uuuua | ||
| 008 | 250606s2025 gw sb 001 0 eng d | ||
| 010 | |a 2025020038 | ||
| 020 | |a 9789004734357 |q (electronic book) | ||
| 020 | |z 9789004734340 |q (print) | ||
| 024 | 7 | |a 10.1163/9789004734357 |2 DOI | |
| 035 | |z (OCoLC)1504208155 | ||
| 040 | |a NL-LeKB |c NL-LeKB |e rda | ||
| 041 | |a eng | ||
| 050 | 4 | |a K3821 | |
| 072 | 7 | |a JHB |2 bicssc | |
| 072 | 7 | |a SOC |x 026000 |2 bisacsh | |
| 082 | 0 | 4 | |a 343.07 |2 23 |
| 245 | 0 | 0 | |a International Covenant on the Right to Development : |b Implications for Developing Countries and the Global Balance of Power / |c edited by Carol Chi Ngang. |
| 246 | 3 | |a Implications for Developing Countries and the Global Balance of Power | |
| 264 | 1 | |a Leiden ; |a Boston : |b Brill, |c 2025. | |
| 264 | 4 | |c ©2025 | |
| 300 | |a 1 online resource (443 pages) : |b illustrations. | ||
| 336 | |a text |b txt |2 rdacontent | ||
| 337 | |a computer |b c |2 rdamedia | ||
| 338 | |a online resource |2 rdacarrier | ||
| 490 | 1 | |a Social Sciences E-Books Online, Collection 2026 | |
| 490 | 1 | |a Studies in Critical Social Sciences ; |v 326 | |
| 504 | |a Includes bibliographical references and index. | ||
| 520 | |a In this pioneer compilation of academic literature on the International Covenant on the Right to Development, including some of the leading experts on the subject, the authors delve at length into the central enquiry on how and to what extent the Covenant will, as a binding instrument of international law, shape the global balance of power. Envisaged to be incorporated in the international bill of human rights, the analysis on the various component elements leads to the conclusive argument that, once in force, the Covenant on the Right to Development will have major implications for how the international order is structured and how development is henceforth pursued. | ||
| 546 | |a English | ||
| 588 | |a Description based on print version record. | ||
| 650 | 0 | |a Law and economic development. | |
| 650 | 0 | |a Right to development |z Developing countries. | |
| 650 | 0 | |a Right to development. | |
| 700 | 1 | |a Ngang, Carol Chi, |e editor. | |
| 776 | 0 | 8 | |i Print version: |t International Covenant on the Right to Development : Implications for Developing Countries and the Global Balance of Power. |d Leiden ; Boston : Brill, 2025. |z 9789004734340 |w (DLC) 2025020037 |
| 830 | 0 | |a Social Sciences E-Books Online, Collection 2026. | |
| 830 | 0 | |a Studies in Critical Social Sciences ; |v 326. | |
| 856 | 4 | |z DOI: |u http://dx.doi.org/10.1163/9789004734357 | |
| 942 | |2 lcc |c EBOOK | ||
| 999 | |c 61205 |d 61205 | ||
